[Event "Julian Mazur Memorial"]
[Site "Wellington Chess Club"]
[Date "2013.10.31"]
[Round "2"]
[White "Farrington, Lawrence"]
[Black "Wight, Joshua"]
[Result "1-0"]
[WhiteElo "1761"]
[BlackElo "1231"]

1. e4 e5 2. Nf3 Nc6 3. Nc3 Nf6 4. Bb5 Bc5 5. O-O O-O 6. Nxe5 Nxe5 7. d4 Bxd4 8.
Qxd4 d6 9. Bg5 h6 10. Bh4 c5 11. Qd2 Bd7 12. Bxd7 Qxd7 13. Bxf6 gxf6 14. Qxh6
Qe6 15. f3 Nc4 16. Nd5 f5 17. Nf6+ Qxf6 18. Qxf6 Nd2 19. Rfd1 Nc4 20. b3 1-0

[Event "Julian Mazur Memorial"]
[Site "Wellington Chess Club"]
[Date "2013.10.31"]
[Round "2"]
[White "Kay, Bruce"]
[Black "Konakanchi, Karthik"]
[Result "1-0"]
[WhiteElo "1825"]
[BlackElo "927"]

1. d4 d5 2. c4 c6 3. Nf3 Nf6 4. Nc3 e6 5. e3 Bb4 6. Bd3 O-O 7. O-O Bxc3 8. bxc3
Nbd7 9. Qc2 Re8 10. Ne5 Qc7 11. Nxd7 Bxd7 12. f4 a6 13. c5 b5 14. cxb6 Qxb6 15.
Rb1 Qc7 16. Bd2 c5 17. c4 cxd4 18. exd4 Rec8 19. c5 g6 20. Rb2 Qc6 21. Rfb1 Ne4
22. Rb6 Qa4 23. Qxa4 Bxa4 24. Be1 Rc6 25. Rb7 Nf6 26. Re7 Nh5 27. g3 Nf6 28.
Rbb7 Rf8 29. Bd2 Ne8 30. Ra7 Bb5 31. Bxb5 axb5 32. Ba5 Ng7 33. g4 h5 34. h3
hxg4 35. hxg4 Ne8 36. Reb7 f6 37. Rxb5 e5 38. fxe5 fxe5 39. dxe5 Rf4 40. Ra8
Rxg4+ 41. Kf2 Re6 42. Rbb8 Kf8 43. Bc7 Kf7 44. Bd6 Nxd6 45. cxd6 Rxe5 46. Rf8+
Ke6 47. Rae8+ Kxd6 48. Rf6+ Kc5 49. Rxe5 Ra4 50. Re2 d4 51. Rxg6 d3 52. Rd2 Rd4
53. Ke3 Kc4 54. Rc6+ Kd5 55. Rd6+ Kxd6 56. Kxd4 Kc6 57. Rxd3 Kb5 58. Rc3 Kb4
59. Rb3+ Ka4 60. Kc5 Ka5 61. Ra3# 1-0

[Event "Julian Mazur Memorial"]
[Site "Wellington Chess Club"]
[Date "2013.10.31"]
[Round "2"]
[White "Ker, Anthony"]
[Black "Aldridge, Alan"]
[Result "1-0"]
[WhiteElo "2422"]
[BlackElo "1990"]

1. e4 e5 2. Nf3 Nc6 3. d4 exd4 4. Nxd4 Bc5 5. Nxc6 {#Diagram} bxc6 (5... Qf6 $1 {Is a
standard trick that avoids pawn weaknesses} ) 6. Bc4 Ne7 7. Bxf7+ $1 {Was I
talking about tricks?} 7... Kxf7 8. Qh5+ Ng6 9. Qxc5 Re8 10. O-O Qf6 11. Nc3
Ba6 12. Rd1 Re5 13. Qa3 Bc8 14. Qb3+ Kf8 15. Rd3 Nh4 16. f4 Re7 17. e5 Qf5 18.
Rh3 Qg4 19. Rg3 Qh5 20. Be3 h6 21. Rd1 Rf7 22. e6 Re7 23. exd7 Bxd7 {#Diagram Anthony
finishes off with a succession of computer-like precision moves.} 24. Qa3 Ke8
25. Bc5 Rf7 26. Re1+ Kd8 27. Be7+ Kc8 28. Qa6+ Kb8 29. Na4 Rf5 30. Rb3+ Rb5 31.
Nc5 Qd5 32. Rxb5+ cxb5 33. Nxd7+ Qxd7 34. Bxh4 1-0

[Event "Julian Mazur Memorial"]
[Site "Wellington Chess Club"]
[Date "2013.10.31"]
[Round "2"]
[White "Nyberg, Michael"]
[Black "Wastney, Scott"]
[Result "0-1"]
[WhiteElo "2027"]
[BlackElo "2447"]

1. d4 d5 2. c4 e6 3. Nf3 Nf6 4. g3 Be7 5. Bg2 dxc4 6. a4 Nc6 7. Nc3 O-O 8. O-O
Rb8 9. Bg5 h6 10. Bf4 Nd5 11. Bd2 Ndb4 12. Rc1 a6 13. Bf4 Bf6 14. Ne4 b5 15.
Nxf6+ Qxf6 16. Bxc7 Rb7 17. Be5 Nxe5 18. Nxe5 Rc7 19. Qd2 Qe7 20. Be4 Bb7 21.
Bxb7 Rxb7 22. axb5 axb5 23. e4 Rd8 24. Ra1 Qd6 25. Rfd1 Nd3 26. Nf3 Qb4 27.
Qxb4 Nxb4 28. Ne5 Nc2 29. Nc6 Nxa1 30. Nxd8 Rd7 31. Nc6 Nb3 32. d5 exd5 33.
exd5 Nc5 34. Ra1 Nd3 {#Diagram} 35. Ra7 $2 (35. Ra5 {is a fighting defence} )
35... Rxa7 36. Nxa7 b4 $1 37. d6 Kf8 38. Nc6 Ke8 39. f4 Kd7 40. Ne5+ Nxe5 41.
fxe5 c3 0-1

[Event "Julian Mazur Memorial"]
[Site "Wellington Chess Club"]
[Date "2013.10.31"]
[Round "2"]
[White "Pandey, Alok"]
[Black "Pomeroy, Arthur"]
[Result "0-1"]
[WhiteElo "1901"]
[BlackElo "2113"]

1. d4 Nf6 2. c4 g6 3. Nc3 Bg7 4. e4 d6 5. f3 O-O 6. Be3 Nc6 7. Nge2 a6 8. Qd2
Rb8 9. Rc1 e6 10. Bh6 Nxe4 11. Qf4 e5 12. dxe5 Nxe5 13. Rd1 Nc5 14. Ng3 Re8 15.
Kf2 Ne6 16. Qd2 c6 17. Bxg7 Qb6+ 18. Ke1 Kxg7 19. Qxd6 Qe3+ 20. Be2 Nf4 21. Kf1
Bh3 22. gxh3 Nxf3 23. Rd3 Nxd3 24. Qxd3 Qxd3 25. Bxd3 Rbd8 26. Be2 Nd4 27. Kf2
Nxe2 28. Ngxe2 Rd2 29. Rd1 Rxb2 30. Rd7 b5 31. cxb5 axb5 32. Kf3 b4 33. Ne4
Rxa2 34. Nd4 Ra3+ 35. Kf4 Rxe4+ 36. Kxe4 Rxh3 37. Nxc6 Rxh2 38. Nxb4 Rh4+ 0-1

[Event "Julian Mazur Memorial"]
[Site "Wellington Chess Club"]
[Date "2013.10.31"]
[Round "2"]
[White "Stoeveken, Peter"]
[Black "Dive, Russell"]
[Result "0-1"]
[WhiteElo "1910"]
[BlackElo "2421"]

1. d4 Nf6 2. Bg5 Ne4 3. Bf4 d5 4. Nd2 Bf5 5. e3 e6 6. Bd3 Bd6 7. Bxd6 Nxd6 8.
Bxf5 Nxf5 9. Qg4 Nd7 10. Ngf3 c5 11. c3 Qb6 12. Rb1 {#Diagram} 12... Qa6 $1
{Suddenly White is in trouble because he can't castle} 13. e4 Nf6 14. Qf4 dxe4
15. Nxe4 Nd5 16. Qe5 cxd4 17. Nxd4 O-O 18. Nc5 Qc4 19. Ncb3 Nh4 20. Kd2 Ng6 21.
Qe2 Qc7 22. g3 e5 23. Nf3 Rad8 24. Ke1 Qd7 25. h4 Qf5 {#Diagram White has
fought well - with one more tempo he could get in Kf1-g2 with rough equality -
but alas in chess one tempo is so often the difference between laughter and
tears} 26. Rd1 $2 ( {more grovelling with} 26. Nbd2 {was compulsory} ) 26...
Ndf4 $3 {brilliant} 27. gxf4 Nxf4 28. Qf1 ( {or} 28. Qc4 Rc8 29. Qa4 Qg4 {and
Black has too many threats} ) 28... Qe4+ 0-1

[Event "Julian Mazur Memorial"]
[Site "Wellington Chess Club"]
[Date "2013.10.31"]
[Round "2"]
[White "Stone, Andrew"]
[Black "Wilkins, Mark"]
[Result "0-1"]
[WhiteElo "2076"]
[BlackElo "1901"]

1. e4 c6 2. d4 d5 3. e5 Bf5 4. Nc3 e6 5. g4 Bg6 6. Nge2 Be7 7. Be3 Nd7 8. Qd2
Nb6 9. Ng3 h5 10. Nxh5 Bxh5 11. gxh5 Rxh5 12. O-O-O Nh6 13. Bxh6 Rxh6 14. Rg1
Bf8 15. f4 Qh4 16. Rg2 O-O-O 17. Bd3 g6 18. Ne2 Be7 19. Ng1 Rh7 20. Nf3 Qh6 21.
Rdg1 Rdh8 22. Ng5 Rg7 23. Rf1 {#Diagram Black's cramp gives White compensation
for the pawn, but Black's position blossoms over the next few moves } 23... Qh4
24. Rf3 $2 {Missing the threat to the d pawn} 24... Bxg5 25. fxg5 Qxd4 26. Qe2
Nd7 27. Re3 Rh4 28. c3 Qf4 29. Kc2 Rgh7 {The transformation is complete, all of
Black's pieces are better than their opposites and more weakened White pawns drop
off.} 30. b4 Rxh2 31. Rf3 Rxg2 32. Rxf4 Rxe2+ 33. Bxe2 Nxe5 34. c4 Rh2 35. Kd1
Rg2 36. cxd5 exd5 0-1

[Event "Julian Mazur Memorial"]
[Site "Wellington Chess Club"]
[Date "2013.10.31"]
[Round "2"]
[White "Theodosiou, Andreas"]
[Black "Whittle, Jonathon"]
[Result "0-1"]
[WhiteElo "1365"]
[BlackElo "1736"]

1. e4 g6 2. Nf3 Bg7 3. d4 d6 4. Be3 Nd7 5. Bc4 e6 6. c3 Ngf6 7. Bd3 h6 8. h3 e5
9. Nbd2 O-O 10. Bc4 c6 11. Nh4 Nxe4 12. Nxg6 d5 13. Nxf8 Nxd2 14. Qxd2 dxc4 15.
Nxd7 Bxd7 16. Bxh6 Qf6 17. Bxg7 Qxg7 {#Diagram White has been doing the
business so far, but now comes a remarkable comeback} 18. g4 $6 (18. O-O-O $1
{with a dominating position and a big material advantage was pleading to be
played <i>(Andreas, Andreas, play me, play me!)</i>} ) 18... exd4 19. cxd4 Re8+
20. Kd1 Re4 21. Kc2 Rxd4 22. Qc3 Qg6+ 23. Kc1 Qe4 {Remember that advice in the
beginners' books about the importance of the centre?} 24. Re1 Qf4+ 25. Qe3 Qf6
26. Re2 Rd3 27. Qe7 Qf4+ 28. Re3 Be6 29. Qc5 Rd5 30. Qxa7 (30. Qb4 $1 {was the
only move} ) 30... Qxf2 $1 {#Diagram So often Jonathon's play is characterised
by good strategy but poor tactics, but not this time. White is now lost} 31.
Qa8+ Kg7 32. Qa3 Qd2+ 0-1

[Event "Julian Mazur Memorial"]
[Site "Wellington Chess Club"]
[Date "2013.10.31"]
[Round "2"]
[White "Timergazi, Layla"]
[Black "Roberts, Michael"]
[Result "1-0"]
[WhiteElo "1889"]
[BlackElo "1781"]

1. d4 Nf6 2. c4 g6 3. Nc3 d5 4. cxd5 Nxd5 5. e4 Nxc3 6. bxc3 Bg7 7. Be3 O-O 8.
Nf3 c5 9. Rc1 Qa5 10. Qd2 Nc6 11. d5 Nb8 12. Be2 Bg4 13. O-O Nd7 14. h3 Bxf3
15. Bxf3 b5 16. Be2 Rfd8 17. f4 Nf6 18. Bf3 Qa4 19. e5 Nxd5 20. Bxd5 e6 21.
Bxa8 Rxd2 22. Bxd2 Qxa2 23. Be3 Qc4 24. Rfd1 Bf8 25. Rd8 Kg7 26. f5 gxf5 27.
Bg5 Qe2 28. Bf6+ Kg6 29. Kh1 Qe3 30. Rf1 Qh6 31. Rf3 {#Diagram A picturesque
final position, Black has run out of constructive moves and face further
material losses} 1-0

[Event "Julian Mazur Memorial"]
[Site "Wellington Chess Club"]
[Date "2013.10.31"]
[Round "2"]
[White "Tionko, Efrain"]
[Black "Sellen, Ian"]
[Result "1/2-1/2"]
[WhiteElo "1844"]
[BlackElo "2072"]

1. e4 e6 2. d3 d5 3. Qe2 Nf6 4. e5 Nfd7 5. Nf3 Be7 6. g3 c5 7. Bg2 Nc6 8. O-O
Qc7 9. Bf4 Qb6 10. c4 d4 11. h4 Nf8 12. Re1 Bd7 13. a3 Ng6 14. Bc1 f6 15. exf6
gxf6 16. Nbd2 O-O-O 17. Rb1 Rhg8 18. Ne4 e5 19. Bd2 Bg4 20. b4 f5 21. bxc5 Qc7
22. Nd6+ Bxd6 23. cxd6 Rxd6 24. c5 Re6 25. Qf1 Bxf3 26. Bxf3 Nxh4 27. Bd5 Reg6
28. Qh3 Qd8 29. Bxg8 Nf3+ 30. Kg2 Nxe1+ 31. Rxe1 Qxg8 32. Qxf5+ Kb8 33. Rh1 Rg7
34. Rh6 Qd5+ 35. Kg1 Rf7 36. Qh5 Qd7 37. Rd6 Qe8 38. Bg5 Qf8 39. Qe2 Qg8
1/2-1/2

[Event "Julian Mazur Memorial"]
[Site "Wellington Chess Club"]
[Date "2013.10.31"]
[Round "2"]
[White "Van der Hoorn, Mark"]
[Black "Miriyala, Rama Rao"]
[Result "1-0"]
[WhiteElo "2230"]
[BlackElo "1906"]

1. e4 c6 2. d4 d5 3. exd5 cxd5 4. Bd3 Nf6 5. Bf4 Bg4 6. f3 Bh5 7. Ne2 e6 8. O-O
Bd6 9. Qe1 Bxf4 10. Nxf4 Qb6 11. c3 Qxb2 {#Diagram} 12. Nxe6 $6 {The comp
condemns this as excessively optimistic, but for carbon based players precise
defence is often problematic so this sort of thing can be very practical,
especially in the hands of a skilful tactical player like Mark.} 12... fxe6 13.
Qxe6+ Kd8 14. Qd6+ Nbd7 15. Na3 Qxc3 16. Nb5 Qxd3 17. Rfe1 Ne4 ( {The comp is
still loving Black, but only if he has the courage to be greedy - after} 17...
Qxb5 $1 18. Rac1 Ne4 $1 {There's no mate and White is too much material down} )
18. Qxd5 a6 19. Qxb7 Rc8 20. Qxa6 Nc3 $2 {An unfortunate collapse in a crazy,
double edged but balanced (according to the comp) position} 21. Qa5+ Nb6 22.
Qxb6+ 1-0

[Event "Julian Mazur Memorial"]
[Site "Wellington Chess Club"]
[Date "2013.11.07"]
[Round "3"]
[White "Aumeier, Beate"]
[Black "Kay, Bruce"]
[Result "0-1"]
[WhiteElo "992"]
[BlackElo "1825"]

1. e4 e5 2. Nf3 Nc6 3. Nc3 Bb4 4. Bc4 Nf6 5. Ng5 O-O 6. O-O h6 7. Nf3 Bxc3 8.
bxc3 Nxe4 9. d4 d5 10. Be2 Nxc3 11. Qd3 Nxe2+ 12. Qxe2 exd4 13. Ba3 Re8 14. Qd3
Qf6 15. Rfe1 Bg4 16. Nd2 Bf5 17. Qb3 b6 18. Qxd5 Rad8 19. Rxe8+ Rxe8 20. Qc4
Qe6 21. Qxe6 Rxe6 22. c4 dxc3 23. Nf3 c2 24. Rc1 Be4 25. Nd2 Bd3 26. h3 Nd4 27.
Nf3 Ne2+ 0-1

[Event "Julian Mazur Memorial"]
[Site "Wellington Chess Club"]
[Date "2013.11.07"]
[Round "3"]
[White "Bennett, Ezra"]
[Black "Brockway, Andrew"]
[Result "0-1"]
[WhiteElo "853"]
[BlackElo "1770"]

1. d4 Nf6 2. Bf4 e6 3. Nf3 d5 4. c3 c5 5. Ne5 Be7 6. e3 O-O 7. c4 Qb6 8. Qb3
Qa5+ 9. Nd2 Ne4 10. O-O-O Nxf2 11. Bd3 Nxh1 12. Rxh1 cxd4 13. exd4 dxc4 14.
Ndxc4 Qd8 15. Qd1 g6 16. Ng4 Bg5 17. Nh6+ Kg7 18. Qg4 Bxf4+ 19. Qxf4 Qf6 20.
Qxf6+ Kxf6 21. Ng4+ Kg7 22. Nd6 Nc6 23. Rf1 e5 24. Ne4 Bxg4 25. Rf6 Nxd4 26.
Rd6 Rac8+ 27. Kd2 Rfd8 28. Nf2 Rxd6 29. Nxg4 Re8 30. Kc3 e4 31. Bb5 Nxb5+ 32.
Kc4 a6 33. Ne3 Rc8+ 34. Kb4 b6 35. a4 Rd4+ 36. Kb3 Nd6 37. Ka3 Rd3+ 38. Kb4 a5#
0-1

[Event "Julian Mazur Memorial"]
[Site "Wellington Chess Club"]
[Date "2013.11.07"]
[Round "3"]
[White "Dive, Russell"]
[Black "Forster, Bill"]
[Result "1-0"]
[WhiteElo "2421"]
[BlackElo "2071"]

1. Nf3 d5 2. c4 c6 3. b3 Nf6 4. Bb2 Bf5 5. g3 e6 6. Bg2 h6 7. O-O Be7 8. d3 O-O
9. Nbd2 Nbd7 10. Re1 Bh7 11. Qc2 Bd6 12. e4 dxe4 13. dxe4 {I am so used to
being overrun by Russell when he gets the White pieces, it was very surprising
to get a dead equal position. The White e pawn is pinned and I can play e5 when
I like} 13... Qc7 14. Qc3 {White forces the issue} 14... e5 15. b4 c5 16. b5
Rfe8 17. Nh4 Nf8 18. Nf5 Ne6 19. Nf1 ( {I was a little lucky here - I was
relying on N-f8-e6-d4 to make sense of my position but after 18.Nf5 I suddenly
saw to my horror that White has} 19. Nxd6 Qxd6 20. Qxe5 {but fortunately the
loose knight on d2 makes this impossible} ) 19... Nd4 20. N1e3 {I thought I had
the slightest of advantages here because my knight on d4 is the best minor
piece on the board and for White swapping it off is tactically awkward and has
positional downsides as well. In contrast, if White puts a knight on d5, I can
swap it off without thinking twice. Houdini evidently agrees with this
assessment, giving me about a quarter of a pawn hereabouts.} 20... Rad8 21. a4
a5 22. bxa6 bxa6 23. Ba3 Rb8 {Thanks to my uber-knight White cannot challenge
on the b file (because one rook is needed to stop the deadly knight fork on
e2)} 24. Nxd6 {A concession in the sense that normally a White knight on f5 is
a much better piece than a bad bishop that was looking a little like a tall
pawn.} 24... Qxd6 25. f3 $5 {Nominally this is a mistake, Houdini upgrades my
advantage to serious proportions here. However there are long term positional
benefits to this move that I was quite blind to until they were explained to me
in the post-mortem. Although it looks as if this move makes Bg2 look bad, the
reality is that it makes Bh7 much worse. The reason is that whereas Bg2 is
redeployed easily enough, it takes about 4 moves to activate Bh7. This
consideration will come powerfully into play if White survives the initiative
that I now get.} 25... Rb3 26. Qa5 Rc8 27. Kf2 $2 {#Diagram A mistake that
offers me a rare chance to knock over a top player} 27... Rxe3 $2 {And I blow
it, big time. To be honest, getting such a promising position had cost me
almost all my time, and my spotting a brilliancy without a decent time buffer
is unlikely.}  (27... Bxe4 $3 28. fxe4 $2 ( {White cannot recapture but then
Black's has a monster position with an extra pawn and more to come if he
doesn't. Houdini's main line is -3.24 (depth 17)} 28. Bc1 Bb7 29. Ra2 e4 30. f4
Nf3 31. Bh3 Nxe1 32. Qxe1 Rd8 33. Kg1 Qd4 34. Bf1 Qc3 35. Re2 Qxe1 36. Rxe1 Bc6
37. a5 Bd7) 28... Rxe3 29. Rxe3 Ng4+ 30. Kg1 Nxe3 $19) 28. Rxe3 Nc2 29. Rae1
Nxe1 30. Qxe1 Rb8 31. Ke2 Qd4 32. Qc1 Rd8 ( {Surprisingly I get a second
chance, although it's less compelling this time.} 32... Bxe4 $3 33. fxe4 $2 Ng4
34. Bh3 Qxe3+ 35. Qxe3 Nxe3 36. Bxc5 Nxc4 $19) 33. Bb2 {Now White is
consolidating and the Bh7 positional factor discussed before looms large} 33...
Qd6 34. Qc2 Ne8 $2 {I crack immediately} 35. Rd3 {If I exchange off all the
major pieces, I can't defend c5, and otherwise e5 falls off immediately. After
playing well for so long I declined the opportunity to grovel helplessly as
Russell exploited two bishops and an extra pawn! I've played enough hopeless
endings against him to last a lifetime!} 1-0

[Event "Julian Mazur Memorial"]
[Site "Wellington Chess Club"]
[Date "2013.11.07"]
[Round "3"]
[White "Jackson, Ross"]
[Black "Cunningham, Patrick"]
[Result "1-0"]
[WhiteElo "1990"]
[BlackElo "1590"]

1. d4 d5 2. c4 c6 3. Nf3 Nf6 4. b3 e6 5. g3 Bb4+ 6. Nfd2 Ne4 7. Bb2 Qf6 8. f3
Nd6 9. a3 Ba5 10. b4 Bc7 11. e3 O-O 12. Bd3 Nf5 13. Kf2 e5 14. Nb3 e4 15. Bf1
Nd7 16. Nc3 dxc4 17. Bxc4 Nb6 18. Bf1 Re8 19. f4 Nd6 20. Nd2 Nd5 21. Bg2 Bf5
22. h4 Nxf4 23. gxf4 Bb6 24. Na4 Bxd4 25. Bxd4 Qe6 26. Nc5 Qg6 27. h5 Qh6 28.
Bh3 b6 29. Bxg7 Qxf4+ 30. exf4 e3+ 31. Kf3 Kxg7 32. Bxf5 Nxf5 33. Nde4 bxc5 34.
bxc5 Rad8 35. Nd6 Nxd6 36. Qd4+ f6 37. cxd6 Rd7 38. Rhg1+ Kf7 39. Qc4+ Re6 40.
Rg7+ 1-0

[Event "Julian Mazur Memorial"]
[Site "Wellington Chess Club"]
[Date "2013.11.07"]
[Round "3"]
[White "Konakanchi, Karthik"]
[Black "Sknar, Andrew"]
[Result "1/2-1/2"]
[WhiteElo "927"]
[BlackElo "1370"]

1. e4 e5 2. Nf3 Nc6 3. Nc3 Nd4 4. Nxe5 d6 5. Nf3 Bg4 6. h3 Bxf3 7. gxf3 c6 8.
d3 b5 9. a3 a5 10. Be3 Qf6 11. Bxd4 Qxd4 12. Be2 Be7 13. Rf1 a4 14. Rb1 d5 15.
exd5 b4 16. axb4 Bxb4 17. Qd2 Ne7 18. Rg1 cxd5 19. Rg4 Bxc3 20. Qxc3 Qxc3+ 21.
bxc3 O-O 22. h4 h5 23. Rg5 g6 24. f4 a3 25. Ra1 a2 26. d4 Rfc8 27. Kd2 Rcb8 28.
Kc1 Ra3 29. c4 Nf5 30. cxd5 Nxd4 31. Bc4 Rc8 32. Rxa2 Rxa2 33. Bxa2 Rxc2+ 34.
Kb1 Rxf2 35. d6 Rf1+ 36. Kb2 Rf2+ 37. Ka1 Nc2+ 38. Kb1 Na3+ 39. Ka1 Nc2+ 40.
Kb1 Na3+ 41. Kc1 Rxa2 42. Rd5 Rc2+ 43. Kd1 Rc8 44. d7 Rd8 45. Ke2 Kf8 46. Kf3
Ke7 47. Rd3 Nc4 48. Rd4 Nb6 49. Re4+ Kxd7 50. Re5 Rc8 51. f5 Kd6 52. Kf4 Nd5+
53. Rxd5+ Kxd5 54. fxg6 Rc4+ 55. Kg5 Rg4+ 56. Kxh5 {#Diagram } 56... Rxg6 $4 {A
rather unusual situation, Black's blunder is so extreme that White isn't
required to follow up. In baseball they have this concept - a walk off fielding
error.} 1/2-1/2

[Event "Julian Mazur Memorial"]
[Site "Wellington Chess Club"]
[Date "2013.11.07"]
[Round "3"]
[White "List, Robert"]
[Black "Nyberg, Michael"]
[Result "0-1"]
[WhiteElo "1702"]
[BlackElo "2027"]

1. e4 c6 2. Nc3 d5 3. d4 dxe4 4. Nxe4 Nf6 5. Bd3 Qxd4 6. Nf3 Qd8 7. Nfg5 Nbd7
8. O-O e6 9. f4 h6 10. Nxe6 Qb6+ 11. Kh1 Nxe4 12. Bxe4 fxe6 13. Qh5+ Kd8 14.
Qf7 Be7 15. Qxg7 Bf6 16. Qf7 Qd4 17. Re1 Rf8 18. Qh7 Bg7 19. Be3 Qf6 20. Bd3
Re8 21. c3 Nf8 22. Qe4 Bd7 23. Qa4 Kc8 24. Rad1 h5 25. Bc5 Ng6 {#Diagram } 26.
Bd6 (26. Ba6 $3 {Is winning for White} 26... bxa6 {is impossible because of}
27. Qxa6+ Kd8 28. Rxd7+ Kxd7 29. Qb7+ Kd8 30. Rd1+ Qd4 31. Bxd4 {and mate
follows. If Black doesn't take the bishop, White's threats are too strong} )
26... Bf8 27. Bxg6 Qxg6 28. Be5 Bc5 29. Qc4 Bb6 30. b4 Rg8 31. Re2 h4 32. Red2
a6 33. Qd3 Qxd3 34. Rxd3 Be8 35. Bf6 Bg6 36. Rd7 Be4 37. Rg7 Rxg7 38. Bxg7 h3
39. Bd4 Bxg2+ 40. Kg1 Bxd4+ 41. Rxd4 Kc7 42. Kf2 Rf8 43. Kg3 b6 44. c4 c5 45.
bxc5 bxc5 46. Rd2 Kc6 47. Re2 Rf6 48. a4 Bf1 49. Re1 Bxc4 50. Kg4 Bd3 51. Re3
Bf5+ 52. Kg5 Rg6+ 53. Kh4 Rg2 0-1

[Event "Julian Mazur Memorial"]
[Site "Wellington Chess Club"]
[Date "2013.11.07"]
[Round "3"]
[White "Pomeroy, Arthur"]
[Black "Ker, Anthony"]
[Result "0-1"]
[WhiteElo "2113"]
[BlackElo "2422"]

1. e4 d6 2. d4 Nf6 3. Nc3 g6 4. f4 Bg7 5. Nf3 c5 6. Bb5+ Bd7 7. e5 Ng4 8. Bxd7+
Qxd7 9. d5 dxe5 10. h3 e4 11. Nxe4 Nf6 12. Nxf6+ Bxf6 13. O-O O-O 14. Be3 Na6
15. Ne5 Qf5 16. Ng4 Bg7 17. c4 Rad8 18. Qb3 Rd7 19. Rad1 Rfd8 20. Nf2 e6 21. g4
Qf6 22. Ne4 Qxb2 23. Qxb2 Bxb2 24. Nxc5 Nxc5 25. Bxc5 exd5 26. Rb1 Bg7 27. cxd5
b6 28. Bf2 Rxd5 {#Diagram Black emerges from the complications with a sound
extra pawn and full mobilisation. This sort of thing is no fun for White.} 29.
Rbc1 Rd2 30. a4 Re8 31. Rfe1 Rxe1+ 32. Bxe1 Bd4+ 33. Kf1 Ra2 34. g5 {I am
doubting the scoresheet here, this just gifts another pawn to Black that is
spurned for some reason..} 34... a5 {...for this completely anti-positional
move instead. No doubt Prof Pomeroy will provide a corrected version of events!} 35. Rc8+ Kg7 36. Rd8 Ba1
37. Bf2 Rxa4 38. Bxb6 Rxf4+ 39. Kg2 Rf5 40. h4 h6 41. gxh6+ Kxh6 42. Rh8+ Bxh8
0-1

[Event "Julian Mazur Memorial"]
[Site "Wellington Chess Club"]
[Date "2013.11.07"]
[Round "3"]
[White "Roberts, Michael"]
[Black "Wevita, Roshan"]
[Result "1-0"]
[WhiteElo "1781"]
[BlackElo "1511"]

1. e4 e5 2. Nf3 Nc6 3. Bb5 d6 4. d4 exd4 5. Nxd4 Bd7 6. O-O g6 7. Be3 Bg7 8.
Nc3 Nf6 9. Nxc6 bxc6 10. Be2 O-O 11. f3 Re8 12. Qd2 c5 13. Bg5 Bc6 14. Bc4 h6
15. Bxh6 Nh5 16. Bxg7 Kxg7 17. Rae1 Qh4 18. Nd5 Bxd5 19. Bxd5 Rab8 20. g3 Qf6
21. c3 a5 22. f4 Qe7 23. e5 Kh7 24. f5 Rf8 25. g4 dxe5 26. gxh5 gxh5 27. f6
Rg8+ 28. Kh1 Qf8 29. Rxe5 Qh6 30. Be4+ Rg6 31. Qd5 Kg8 32. Bxg6 Qxg6 33. Rg5
1-0

[Event "Julian Mazur Memorial"]
[Site "Wellington Chess Club"]
[Date "2013.11.07"]
[Round "3"]
[White "Sknar, Andrew"]
[Black "Rossiter, Philip"]
[Result "0-1"]
[WhiteElo "958"]
[BlackElo "1836"]

1. e4 c5 2. Nf3 d6 3. Nc3 Nc6 4. Bc4 e6 5. O-O Nf6 6. d3 Be7 7. Bg5 a6 8. Bxf6
Bxf6 9. Qe2 Qc7 10. h3 b5 11. Bb3 Bb7 12. a3 Rc8 13. Ba2 Nd4 14. Nxd4 cxd4 15.
Nb1 Qxc2 16. Qxc2 Rxc2 17. Nc3 dxc3 18. bxc3 Rxc3 19. Rfc1 Rxc1+ 20. Rxc1 Kd7
21. Rd1 Rc8 22. d4 Bxe4 23. f3 Bd5 24. Bxd5 exd5 25. Ra1 Bxd4+ 26. Kf1 Bxa1 27.
Ke1 Rc2 28. Kf1 d4 29. g4 d3 30. Ke1 Bc3+ 31. Kd1 Rh2 32. h4 Rh1# 0-1

[Event "Julian Mazur Memorial"]
[Site "Wellington Chess Club"]
[Date "2013.11.07"]
[Round "3"]
[White "Wastney, Scott"]
[Black "Van der Hoorn, Mark"]
[Result "1-0"]
[WhiteElo "2447"]
[BlackElo "2230"]

1. e4 c5 2. Nf3 e6 3. d4 cxd4 4. Nxd4 Nc6 5. Nc3 Qc7 6. f4 a6 7. Nxc6 Qxc6 8.
Bd3 b5 9. Qe2 Bb7 10. Bd2 Be7 11. a3 Rc8 12. O-O Nf6 13. e5 Nd5 14. Nxd5 Qxd5
15. Kh1 O-O 16. Rad1 Qc6 17. Rf3 g6 18. Ba5 f6 19. Rg3 {#Diagram} 19... fxe5 $2
{Allows a winning combo}  (19... f5 {to lock things up} )  ( {or} 19... Rf7 {to
keep the tension} ) 20. Bxg6 $3 {Not missing his chance} 20... hxg6 21. Rxg6+
Kf7 22. Qh5 Bf6 23. fxe5 Bg7 24. Qh7 {#Diagram Terminal exposure. Houdini is
recommending Qxg2+ to limit the damage to mate in 14!} 24... Ke8 25. Rxg7 Qc5
26. Qg6+ 1-0